<?xml version="1.0" encoding="UTF-8"?>
<collection xmlns="http://www.loc.gov/MARC21/slim">
 <record>
  <leader>01137pamaa2200229   4500</leader>
  <controlfield tag="001">0000047221</controlfield>
  <controlfield tag="005">20140428090000.0</controlfield>
  <controlfield tag="008">100609                             eng  </controlfield>
  <datafield tag="020" ind1="0" ind2="0">
   <subfield code="a">9780071443289 (pbk.) </subfield>
  </datafield>
  <datafield tag="090" ind1="0" ind2="0">
   <subfield code="a">PE1128 </subfield>
   <subfield code="b">STA 2005</subfield>
  </datafield>
  <datafield tag="100" ind1="1" ind2="0">
   <subfield code="a">Stafford-Yilmaz </subfield>
  </datafield>
  <datafield tag="245" ind1="1" ind2="0">
   <subfield code="a">400 must-have words for the TOEFL  </subfield>
   <subfield code="c">Lynn Stafford-Yilmaz, Lawrence J. Zwier.</subfield>
  </datafield>
  <datafield tag="260" ind1="0" ind2="0">
   <subfield code="a">New York: </subfield>
   <subfield code="b">McGraw-Hill, </subfield>
   <subfield code="c">2005.</subfield>
  </datafield>
  <datafield tag="300" ind1=" " ind2=" ">
   <subfield code="a">ix, 204 p.; </subfield>
   <subfield code="c">23 cm.</subfield>
  </datafield>
  <datafield tag="501" ind1="0" ind2="0">
   <subfield code="a">FOLLA</subfield>
  </datafield>
  <datafield tag="505" ind1="0" ind2="0">
   <subfield code="a">&quot;Over 150 activities to help increase your fluency. Strategies on how to incorporate new words into everyday vocabulary. Complete review of synonyms, paraphrasing, roots, prefixes, suffixes, and more&quot;--Cover. A study guide and textbook to help you master the core vocabulary and basic written and spoken language skills of the TOEFL</subfield>
  </datafield>
  <datafield tag="650" ind1="0" ind2="0">
   <subfield code="a">English language -- </subfield>
   <subfield code="x">Textbooks for foreign speakers </subfield>
  </datafield>
  <datafield tag="650" ind1="0" ind2="0">
   <subfield code="a">English language -- </subfield>
   <subfield code="x">Examinations -- </subfield>
   <subfield code="x">Study guides </subfield>
  </datafield>
  <datafield tag="650" ind1="0" ind2="0">
   <subfield code="a">Vocabulary -- </subfield>
   <subfield code="x">Examinations -- </subfield>
   <subfield code="x">Study guides </subfield>
  </datafield>
  <datafield tag="650" ind1="0" ind2="0">
   <subfield code="a">Test of English as a Foreign Language -- </subfield>
   <subfield code="x">Study guides </subfield>
  </datafield>
  <datafield tag="700" ind1="1" ind2="1">
   <subfield code="a">Zwier, </subfield>
   <subfield code="h">Lawrence J. </subfield>
  </datafield>
  <datafield tag="901" ind1=" " ind2=" ">
   <subfield code="u">http://www.oup.com</subfield>
  </datafield>
 </record>
</collection>
